Mit jelent lakást felajánlani?

Elmentve itt :
Bibliográfiai részletek
Szerző: Fonyó György
Dokumentumtípus: Cikk
Megjelent: 1929
Sorozat:Polgári jog : a hazai és külföldi magánjog és hiteljog szemléje 5
Kulcsszavak:Kötelmi jog bérlet jogi eset
Online Access:http://misc.bibl.u-szeged.hu/5130
LEADER 00614nab a2200169 i 4500
001 misc5130
005 20191106142747.0
008 170607s1929 hu o 0|| hun d
040 |a SZTE Miscellanea Repozitórium  |b hun 
041 |a hun 
100 1 |a Fonyó György 
245 1 4 |a Mit jelent lakást felajánlani?  |h [elektronikus dokumentum] /  |c  Fonyó György 
260 |c 1929 
300 |a 333-335a 
490 0 |a Polgári jog : a hazai és külföldi magánjog és hiteljog szemléje  |v 5 
695 |a Kötelmi jog bérlet jogi eset 
856 4 0 |u http://misc.bibl.u-szeged.hu/5130/1/polgari_jog_1929_333-335a.pdf  |z Dokumentum-elérés